000 00324nam a22001337a 4500
008 170929b xxu||||| |||| 00| 0 eng d
020 _a9781891136016
041 _aeng
080 _23 ED
_a37
100 _a47
101 _aEDU
245 _aTHE WHY WHO OF THE HOW EDOTIRIAL PAGE
_cRYSTROM.K
942 _2udc
_cBK
999 _c30652
_d30652